000 00286nam a2200109Ia 4500
005 20251222153639.0
008 251222s9999||||xx |||||||||||||| ||spa||
082 _a370.156/R34/Ej.2
100 _a"Reed, H.B."
245 0 _aPsicología de las materias de enseñanza primaria
942 _cLIB
999 _c32671
_d32671